000 00621nam a2200205 4500
001 113684
003 ES-MaACL
005 20230906185957.0
007 t|
008 061121s1962 sp r ||||1| spa d
080 _a616-071
100 1 _aNoguer Molins, Luis.
_985863
245 1 0 _aExploración clínica /
_cLuis Noguer Molins ; prólogo de Martín Vallejo.
250 _a15ª ed. notablemente aum.
260 _aBarcelona :
_bCientífico Médica,
_c1962.
300 _a518 p. :
_bil. ;
_c18 cm.
650 4 _aExploración clínica.
_9144732
700 1 _aVallejo, Martín.
_9112844
852 4 _aES-MaACL
_jC-22747
999 _c113684
_d113684